| 000 | 00359cam a2200145ua 4500 | ||
|---|---|---|---|
| 041 |
_amal _h |
||
| 082 |
_a039.94812 _bMAT/VI |
||
| 100 | _aMathew, Kuzhiveli M . | ||
| 245 |
_aVijnanam, Vol 2 / _cMathew M Kuzhiveli. _hTextual Documents |
||
| 260 |
_a : _bBalan Publishers , _c1960. |
||
| 300 | _a2314 ; . | ||
| 504 | _a | ||
| 942 | _cBK | ||
| 999 |
_c3774 _d3774 |
||